| Поле | Инд. | ПП | Название | Значение |
|---|---|---|---|---|
| Тип записи | a | |||
| Библиографический уровень | b | |||
| 001 | Контрольный номер | RU/IS/BASE/335380212 | ||
| 005 | Дата корректировки | 20200623200416.0 | ||
| 008 | Кодируемые данные | 20100817 | ||
| 040 | b | Код языка каталог. | rus | |
| e | Правила каталог. | PSBO | ||
| 041 | 0_ | a | Код языка текста | rus |
| 084 | a | Индекс другой классификации/Индекс ББК | 67.404.5(2Рос)г; 67.3(2Рос); 67.404.5в01; 86.372.24-15 | |
| 100 | 1_ | a | Автор | Полянский П. Л. |
| 245 | 10 | a | Заглавие | Формирование семейного права как отрасли в России |
| b | Продолж. заглавия | (постановка проблемы) | ||
| 504 | a | Библиография | Подстроч. примеч. и библиогр. | |
| 520 | 0_ | a | Аннотация | Исторический обзор регулирования брачно-семейных отношений в России, в ходе которого автор показывает, что семейное право как отрасль начинает складываться лишь в 30-гг. XX века. К концу же XIX в. семейные нормы являлись, по мнению автора, частью сословных правоотношений |
| 650 | 04 | a | Основная рубрика | гражданское право |
| a | Основная рубрика | история государства и права | ||
| a | Основная рубрика | право | ||
| a | Основная рубрика | православие | ||
| a | Основная рубрика | религиоведение | ||
| a | Основная рубрика | религия | ||
| a | Основная рубрика | русская православная церковь | ||
| a | Основная рубрика | семейное право | ||
| a | Основная рубрика | христианство | ||
| 653 | 0_ | a | Ключевые слова | брачно-семейные отношения |
| a | Ключевые слова | имущественные права | ||
| a | Ключевые слова | каноническое право | ||
| a | Ключевые слова | наследование | ||
| a | Ключевые слова | отрасли права | ||
| a | Ключевые слова | предмет семейного права | ||
| a | Ключевые слова | религиозное право | ||
| a | Ключевые слова | Россия | ||
| a | Ключевые слова | семейное законодательство | ||
| a | Ключевые слова | семья | ||
| a | Ключевые слова | сословная политика | ||
| a | Ключевые слова | сословное право | ||
| a | Ключевые слова | сословные права | ||
| a | Ключевые слова | СССР | ||
| a | Ключевые слова | супружеские правоотношения | ||
| a | Ключевые слова | теория права | ||
| 773 | 08 | t | Заглавие источника | Вестник Московского университета. Серия 11, Право |
| d | Дата издания источника | 2010 | ||
| g | Прочая информация | № 2. - С. 3 - 33 | ||
| w | Контрольный № источника | RU/IS/BASE/328719420 | ||
| 901 | t | Тип документа | b |